| 000 | 00586nam a22001817a 4500 | ||
|---|---|---|---|
| 005 | 20231108143529.0 | ||
| 008 | 231108b |||||||| |||| 00| 0 eng d | ||
| 020 | _a0409040002 | ||
| 041 | _aEnglish | ||
| 082 | _a346.2 LEE | ||
| 100 | _lEnglish | ||
| 245 |
_aLee and Honore: The South African Law of Obligations / _cedited by E Newman and DJ McQuoid-Mason |
||
| 250 | _aSecond Edition | ||
| 260 |
_aDurban : _bButterworth and Company (Pty) Ltd, _c1978 |
||
| 300 |
_bxciii, 419 pages ; _c26 cm. |
||
| 650 |
_aLegal practice _bLaw |
||
| 942 |
_cBK _6ALISON_BN_VRIES |
||
| 999 |
_c442 _d442 |
||